INTRODUCTION TO PSYCHOLOGY (Record no. 1473)

MARC details
000 -LEADER
fixed length control field 00303nam a2200133Ia 4500
082 ## - DEWEY DECIMAL CLASSIFICATION NUMBER
Classification number 150
Item number I05M
100 ## - MAIN ENTRY--PERSONAL NAME
Personal name MORGAN , CLIFFORD T.
245 ## - TITLE STATEMENT
Title INTRODUCTION TO PSYCHOLOGY
250 ## - EDITION STATEMENT
Edition statement 7TH
260 ## - PUBLICATION, DISTRIBUTION, ETC. (IMPRINT)
Name of publisher, distributor, etc TATA MC GROW HILL
Place of publication, distribution, etc INDIA
Year of Publication 2005
300 ## - PAGE DESCRIPTION
No. of Pages 1-724
650 ## - SUBJECT ADDED ENTRY--TOPICAL TERM
Topical term or geographic name as entry element PSYCHOLOGY
942 ## - ADDED ENTRY ELEMENTS (KOHA)
Source of classification or shelving scheme Dewey Decimal Classification
Koha item type Books
942 ## - ADDED ENTRY ELEMENTS (KOHA)
-- 26
Holdings
Withdrawn status Lost status Source of classification or shelving scheme Damaged status Not for loan Collection code Home library Current library Shelving location Date acquired Vendor Name Cost, normal purchase price SGTU Total Checkouts Total Renewals Full call number Accession No. (Barcode) Date last seen Date last borrowed Bill Date Koha item type
    Dewey Decimal Classification     ENGINEERING SGT Engineering Library SGT Engineering Library Text Book 20/03/2013 UBS DELHI 400.00 SGTU 33 3 150 I05M FM5318 22/03/2024 22/03/2024 20/03/2013 Books
    Dewey Decimal Classification     MEDICAL SGT Engineering Library SGT Engineering Library Text Book 20/03/2013 UBS DELHI 400.00 SGTU 33   150 I05M FM5319 28/02/2024 15/02/2024 20/03/2013 Books
    Dewey Decimal Classification     MEDICAL SGT Engineering Library SGT Engineering Library Text Book 20/03/2013 UBS DELHI 400.00 SGTU 43   150 I05M FM5320 11/11/2025 30/10/2025 20/03/2013 Books
    Dewey Decimal Classification     MEDICAL SGT Engineering Library SGT Engineering Library Text Book 20/03/2013 UBS DELHI 400.00 SGTU 42 1 150 I05M FM5321 04/11/2025 28/10/2025 20/03/2013 Books
    Dewey Decimal Classification     MEDICAL SGT Engineering Library SGT Engineering Library Text Book 20/03/2013 UBS DELHI 400.00 SGTU 27   150 I05M FM5322 19/01/2026 24/12/2025 20/03/2013 Books